Né à Lyon - Statistiques

Statistiques générales
  • Ce quiz a été pris 316 fois
    31 depuis la dernière actualisation
  • Le résultat moyen est 9 sur 40
Statistiques - réponses
Réponse % Correct
Footballeur international, Ittihad (le deuxième meilleur buteur de l'histoire du Real Madrid) 1987 Karim Benzema
74%
Écrivain et aviateur, "Le Petit Prince" 1900 Antoine de Saint-Exupéry
70%
Réalisateur et acteur, "Astérix: Le Domaine des dieux" "Kaamelott" 1974 Alexandre Astier
65%
Physcien et mathématicien, son nom a été donné à l'unité de l'intensité du courant électrique 1775 André-Marie Ampère
57%
Président du conseil régional d'Auvergne-Rhône-Alpes 1975 Laurent Wauquiez
57%
Footballeur international, Al Jazira (Olymipique lyonnais et Real Betis) 1993 Nabil Fekir
52%
Sélectionneur de l'équipe de France de 2004 à 2010 et ancien joueur de l'Olympique Lyon 1952 Raymond Domenech
52%
Ancien footballeur international (Bordeaux, Lyon et Saint-Étienne) 1952 Bernard Lacombe
48%
Footballeur international, Paris Saint-Germain 2002 Bradley Barcola
48%
Footballeur international, Olympique lyonnais 1991 Alexandre Lacazette
43%
Ancien footballeur international (Barcelone, Lyon, Lille) 1979 Éric Abidal
35%
Acteur, "Astérix aux Jeux Olympiques" "Brice de Nice" 1968 Clovis Cornillac
30%
Footballeur international algérien, Ittihad (AS Rome et Olympique lyonnais) 1998 Houssem Aouar
30%
Compositeur de musiques de films, "Lawrence d'Arabie" "Le Docteur Jivago" "Le Cercle des poètes disparus" 1924 Maurice Jarre
30%
Le quatrième empereur romain 10 av. J.-C. Claude
26%
Militant et intellectuel d'extrême gauche. Demi-frère d'un chanteur connu 1944 Pierre Goldman
26%
Footballeuse internationale, Olympique lyonnais 2000 Selma Bacha
26%
Réalisateur, "L'Horlonger de Saint-Paul" "Autour de minuit" 1941 Bertrand Tavernier
22%
Footballeur international, West Ham United 1994 Kurt Zouma
17%
Président de la Banque centrale européenne de 2003 à 2011 1942 Jean-Claude Trichet
13%
Gardienne de but et footballeuse internationale, Juventus 1992 Pauline Peyraud-Magnin
13%
Actrice, "Stupeur et Tremblements" "Les Blessures assassines" 1971 Sylvie Testud
13%
Écrivain, "La Zone de Dehors" "La Horde du Contrevent" 1969 Alain Damasio
9%
Écrivain, "L'art francais de la guerre" 1963 Alexis Jenni
9%
Acteur, "Taxi" "Astérix et Obélix: Mission Cléopâtre" 1949 Bernard Farcy
9%
Écrivain, "L'enfer" " "La Machine" 1945 René Belletto
9%
Ancien footballeur international (Monaco, Inter Milan et Grenoble) 1968 Youri Djorkaeff
9%
Fondateur de Danone 1918 Antoine Riboud
4%
Physicien, il sera lauréat du prix Nobel de physique 1904 Louis Néel
4%
Ancienne biathlète et médaillée de bronze à Jeux olympiques 1986 Marie Dorin-Habert
4%
Fondateur de la philosophie spirite 1804 Allan Kardec
0%
Empereur romain, qui régna de 211 à 217 188 Caracella
0%
Fondateur de la première ècole vétérinaire d'Europe 1712 Claude Bourgelat
0%
Actrice, "La Femme de ma vie" "Stand-by" 1956 Dominique Blanc
0%
Disc jockey et compositeur de musique électronique, "Lost in the Fire" 1985 Gesaffelstein
0%
Il fonde "Combat", un mouvement de résistance, avec Berty Albrecht 1905 Henri Frenay
0%
Fondateur du Crédit lyonnais 1824 Henri Germain
0%
Ingénieur et pionnier de l'aviation 1834 Louis Mouillard
0%
Compositeur de musqiues de film, "Purple Rain" "Soleil de nuit" 1939 Michel Colombier
0%
Femme des lettres et artiste, "La Manifeste de la femme futuriste" 1875 Valentine de Saint-Point
0%
Aucun quiz correspondant
Distribution des résultats
% des personnes avec chaque résultat
Percentile par nombre de réponses
Votre historique - résultats
Vous n’avez pas pris ce quiz depuis la dernière actualisation